Statistiche per Classifica Scarpa d'Oro 2008

Clicka qui per fare il quiz!

Statistiche generali

  • Questo quiz è stato fatto 11 volte
  • Il punteggio medio è 8 su 15

Statistiche sulle risposte

GolCoefficiente UEFAPuntiNazioneSquadraCalciatore% Corretto
21x242ItaliaJuventusAlessandro Del Piero
100%
31x262PortogalloManchester UnitedCristiano Ronaldo
100%
20x240FranciaJuventusDavid Trezeguet
100%
24x248SpagnaLiverpoolFernando Torres
100%
24x248ItaliaBayern MonacoLuca Toni
100%
19x238ArgentinaAtletico MadridSergio Agüero
64%
20x240FranciaOlympique LioneKarim Benzema
55%
33x1,549,5Paesi BassiAjaxKlaas-Jan Huntelaar
55%
24x248TogoArsenalEmmanuel Adebayor
45%
19x238GermaniaStoccardaMario Gómez
36%
24x248BrasileSivigliaLuís Fabiano
27%
19x238ItaliaGenoaMarco Borriello
27%
19x238ParaguayBlackburnRoque Santa Cruz
18%
27x254SpagnaMaiorcaDaniel Güiza
0%
40x140GallesLlanelli TownRhys Griffiths
0%

Distribuzione punteggi

Percentile per numero di risposta

Percentuale di utenti per punteggio

I tuoi punteggi nel tempo

Non hai fatto questo quiz